00281nam a2200121Ia 4500008004100000082001500041100001500056245003500071250000800106260002900114300000800143650000800151191201s2008 xx 000 0 und d a658.3bGUT aGUPTA, S C 0aText Book of International HRM a1st aN.DelhibMacmillanc2008 a246 aMBA